Kvantifikácia vplyvu priamych zahraničných investícií na vybrané makroekonomické ukazovatele v podmienkach Slovenskej republiky
Prehľad teórií priamych zahraničných investícií. Porovnanie priamych zahraničných investícií a portfóliových investícií. Vývoj priamych zahraničných investícií v Slovenskej republike.
Gespeichert in:
| 1. Verfasser: | |
|---|---|
| Weitere Verfasser: | |
| Format: | Buchkapitel |
| Sprache: | Slowakisch |
| Schlagworte: | |
| Tags: |
Keine Tags, Fügen Sie das erste Tag hinzu!
|
MARC
| LEADER | 00000nla a2200000 4500 | ||
|---|---|---|---|
| 001 | 0179014 | ||
| 005 | 20231121083424.5 | ||
| 041 | 0 | |a slo | |
| 044 | |a SK | ||
| 245 | 1 | 0 | |a Kvantifikácia vplyvu priamych zahraničných investícií na vybrané makroekonomické ukazovatele v podmienkach Slovenskej republiky |c Sylvia Jenčová, Eva Litavcová |
| 520 | |a Prehľad teórií priamych zahraničných investícií. Porovnanie priamych zahraničných investícií a portfóliových investícií. Vývoj priamych zahraničných investícií v Slovenskej republike. | ||
| 610 | 2 | 0 | |a analýza regresná |
| 610 | 2 | 0 | |a Slovensko |
| 610 | 2 | 0 | |a trh finančný |
| 610 | 2 | 0 | |a portfólio |
| 610 | 2 | 0 | |a investície priame zahraničné |
| 100 | 1 | |a Jenčová, Sylvia | |
| 700 | 1 | |a Litavcová, Eva | |